[Event "Rated Blitz game"]
[Site "?"]
[Date "2021.03.09"]
[Round "?"]
[White "AmpleSquareControl"]
[Black "Gifroy"]
[Result "1-0"]
[WhiteElo "2466"]
[BlackElo "2431"]
[PlyCount "79"]
[EventDate "2021.??.??"]
[EventType "blitz"]

1. e4 e5 2. Nf3 d5 3. Nxe5 Bd6 4. d4 dxe4 5. Nc4 Be7 6. Nc3 Bf5 7. Be2 Nf6 8.
Bf4 O-O 9. Ne3 Bg6 10. h4 h5 11. Bg5 Nbd7 12. Qd2 c6 13. O-O-O Qa5 14. Nc4 Qc7
15. Bf4 Qd8 16. Rdg1 b5 17. Ne5 Nxe5 18. Bxe5 Bb4 19. a3 Ba5 20. Bxf6 Qxf6 21.
g4 Rfd8 22. gxh5 Rxd4 23. Qg5 Qxg5+ 24. Rxg5 Bh7 25. Rhg1 g6 26. hxg6 fxg6 27.
h5 Kg7 28. hxg6 Bg8 29. Re5 Bxc3 30. bxc3 Rd7 31. Rxe4 Rf8 32. f4 Bd5 33. Rd4
c5 34. Rd2 Rxf4 35. Bxb5 Rd8 36. c4 a6 37. Bxa6 Ra8 38. Rxd5 Rxa6 39. Rd7+ Kf6
40. g7 {Time forfeit} 1-0

[Event "Cappelle Online Women"]
[Site "Europe-Echecs INT"]
[Date "2021.03.08"]
[Round "6"]
[White "Skuhala, B."]
[Black "Dubois, Mart"]
[Result "1-0"]
[WhiteElo "2077"]
[BlackElo "1780"]
[PlyCount "63"]
[EventDate "2021.03.08"]
[SourceTitle "The Week in Chess 1374"]
[Source "Mark Crowther"]
[SourceDate "2021.03.08"]
[SourceVersion "2"]
[SourceVersionDate "2021.03.09"]
[SourceQuality "2"]

1. e4 e5 2. Nf3 d5 3. Nxe5 Bd6 4. d4 dxe4 5. Nc3 Bxe5 6. dxe5 Qxd1+ 7. Kxd1 Nc6
8. Bb5 Bg4+ 9. Ke1 O-O-O 10. Bxc6 bxc6 11. Be3 Re8 12. Bxa7 Rxe5 13. Bd4 Rg5
14. Nxe4 Rg6 15. f3 Bf5 16. Kf2 Bxe4 17. fxe4 Nf6 18. Rhe1 Ng4+ 19. Kg1 f6 20.
h3 Nh6 21. a4 Rd8 22. c3 c5 23. Bf2 Rd2 24. b4 cxb4 25. cxb4 Nf7 26. Red1 Re2
27. a5 Ne5 28. Ra3 Nc4 29. Rc3 Nd2 30. Bg3 Nxe4 31. Rxc7+ Kb8 32. Rd8# 1-0

[Event "Cappelle Online Women"]
[Site "Europe-Echecs INT"]
[Date "2021.03.08"]
[Round "5"]
[White "Petitjean, Mathilde"]
[Black "Dubois, Mart"]
[Result "0-1"]
[WhiteElo "1573"]
[BlackElo "1780"]
[PlyCount "36"]
[EventDate "2021.03.08"]
[SourceTitle "The Week in Chess 1374"]
[Source "Mark Crowther"]
[SourceDate "2021.03.08"]
[SourceVersion "2"]
[SourceVersionDate "2021.03.09"]
[SourceQuality "2"]

1. e4 e5 2. Nf3 d5 3. exd5 e4 4. Ng1 Qxd5 5. Nc3 Qe5 6. Bc4 Nf6 7. Qe2 Nc6 8.
d3 exd3 9. Qxe5+ Nxe5 10. Bxd3 Nxd3+ 11. cxd3 Bf5 12. d4 O-O-O 13. Be3 Bb4 14.
O-O-O Bxc3 15. bxc3 Nd5 16. Kb2 Rd6 17. Bd2 Rb6+ 18. Kc1 Rb1# 0-1

[Event "Cappelle Online Women"]
[Site "Europe-Echecs INT"]
[Date "2021.03.08"]
[Round "3"]
[White "Djidjeli, Sarah"]
[Black "Dubois, Mart"]
[Result "1/2-1/2"]
[WhiteElo "2119"]
[BlackElo "1780"]
[PlyCount "108"]
[EventDate "2021.03.08"]
[SourceTitle "The Week in Chess 1374"]
[Source "Mark Crowther"]
[SourceDate "2021.03.08"]
[SourceVersion "2"]
[SourceVersionDate "2021.03.09"]
[SourceQuality "2"]

1. e4 e5 2. Nf3 d5 3. exd5 e4 4. Qe2 Nf6 5. d3 Qxd5 6. Nc3 Bb4 7. Bd2 Bxc3 8.
Bxc3 O-O 9. Bxf6 exf3 10. Qxf3 Qxf3 11. gxf3 gxf6 12. O-O-O Nc6 13. d4 Bf5 14.
Rg1+ Kh8 15. d5 Ne5 16. f4 Nf3 17. Rg3 Nxh2 18. Be2 Rg8 19. Rc3 Rac8 20. f3 Rg2
21. Bb5 Rf2 22. d6 cxd6 23. Rxc8+ Bxc8 24. Rxd6 Be6 25. Bd3 Nxf3 26. f5 Rh2 27.
b3 Ne5 28. fxe6 Nxd3+ 29. cxd3 fxe6 30. Rxe6 f5 31. Rf6 Rh5 32. Rf7 Rg5 33.
Rxb7 h5 34. Rxa7 h4 35. Ra4 Rg4 36. Ra5 f4 37. Rh5+ Kg7 38. Kd2 Kg6 39. Rh8 Kg5
40. Ke2 Rg3 41. a4 h3 42. Rg8+ Kf5 43. Rxg3 fxg3 44. Kf3 h2 45. Kg2 Ke5 46. a5
Kd5 47. a6 Kc6 48. d4 Kb6 49. b4 Kxa6 50. d5 Kb6 51. Kh1 Kb5 52. Kg2 Kb6 53.
Kh1 Kb5 54. Kg2 Kb6 1/2-1/2

[Event "Rated Blitz game"]
[Site "?"]
[Date "2021.03.08"]
[Round "?"]
[White "Strelok2222"]
[Black "Gifroy"]
[Result "1-0"]
[WhiteElo "2459"]
[BlackElo "2427"]
[PlyCount "141"]
[EventDate "2021.??.??"]
[EventType "blitz"]

1. e4 e5 2. Nf3 d5 3. Nxe5 Bd6 4. d4 dxe4 5. Nc4 Be7 6. Nc3 Bf5 7. Ne3 Bg6 8.
g4 h5 9. Be2 hxg4 10. Bxg4 Nf6 11. Be2 Nc6 12. Nb5 a6 13. d5 axb5 14. dxc6
Qxd1+ 15. Nxd1 bxc6 16. Bf4 Bd6 17. Bg3 O-O 18. Ne3 b4 19. O-O Nd5 20. Nc4 Bc5
21. Ne5 e3 22. Nxg6 fxg6 23. f4 Kh7 24. Kg2 Rad8 25. h4 Nf6 26. Bd3 Nh5 27. f5
gxf5 28. Rxf5 Rxf5 29. Bxf5+ g6 30. Bd3 Bd6 31. Bxd6 cxd6 32. Kf3 Re8 33. Rg1
Re6 34. Rg5 Kh6 35. a4 bxa3 36. bxa3 d5 37. a4 d4 38. a5 Rf6+ 39. Ke4 Nf4 40.
a6 e2 41. Rg1 e1=Q+ 42. Rxe1 Re6+ 43. Kxf4 Rxe1 44. Be4 Ra1 45. Bd3 Ra5 46. Ke4
c5 47. Kd5 Kh5 48. Kc6 Kxh4 49. Kb6 Rxa6+ 50. Kxa6 g5 51. Kb6 c4 52. Bxc4 g4
53. Bd5 g3 54. Kc5 Kg4 55. Kxd4 Kf4 56. c4 g2 57. Bxg2 Kg5 58. Be4 Kf6 59. c5
Ke7 60. Bd5 Kd8 61. Kc4 Kc7 62. Kb5 Kd8 63. c6 Kc7 64. Kc5 Kd8 65. Kb6 Ke7 66.
Bc4 Kf6 67. Ba6 Kf5 68. Kb7 Kf4 69. c7 Ke3 70. c8=Q Kd2 71. Qc7 {Time forfeit}
1-0

[Event "Rated Blitz game"]
[Site "?"]
[Date "2021.03.08"]
[Round "?"]
[White "Neurachess"]
[Black "Jomajo"]
[Result "1-0"]
[WhiteElo "2566"]
[BlackElo "2595"]
[PlyCount "45"]
[EventDate "2021.??.??"]
[EventType "blitz"]

1. e4 e5 2. Nf3 d5 3. Nc3 d4 4. Ne2 d3 5. cxd3 Nc6 6. d4 exd4 7. d3 Nf6 8. Ng3
h5 9. h4 Bd6 10. Be2 Bxg3 11. fxg3 Ng4 12. O-O O-O 13. Bf4 f6 14. Nh2 Ne3 15.
Bxe3 dxe3 16. Bxh5 Nd4 17. Re1 Qd6 18. Rxe3 Qb6 19. Nf1 Qxb2 20. Bg6 Qb5 21.
Rb1 Qe5 22. Nd2 c5 23. Nc4 {Normal} 1-0

[Event "Rated Blitz game"]
[Site "?"]
[Date "2021.03.08"]
[Round "?"]
[White "Ajax_1995"]
[Black "Gifroy"]
[Result "0-1"]
[WhiteElo "2371"]
[BlackElo "2420"]
[PlyCount "130"]
[EventDate "2021.??.??"]
[EventType "blitz"]

1. e4 e5 2. Nf3 d5 3. exd5 e4 4. Qe2 Nf6 5. d3 Qxd5 6. Nc3 Bb4 7. Bd2 Bxc3 8.
Bxc3 O-O 9. dxe4 Nxe4 10. Bd4 Bg4 11. O-O-O Rd8 12. Qc4 Qxc4 13. Bxc4 Nc6 14.
Be3 Nd6 15. Bb3 Na5 16. Rd5 Nxb3+ 17. axb3 Bxf3 18. gxf3 c6 19. Rd3 b6 20. Rhd1
Nb7 21. Rxd8+ Rxd8 22. Rxd8+ Nxd8 23. Bf4 Ne6 24. Bb8 a6 25. Kd2 Kf8 26. Kd3
Ke8 27. b4 Kd7 28. Be5 f6 29. Bg3 b5 30. f4 f5 31. f3 Nc7 32. Be1 Nd5 33. Bd2
g6 34. b3 Ke6 35. c4 Nb6 36. Kd4 Nd7 37. c5 Nf6 38. Be1 Nd5 39. Bd2 Kf6 40. h4
Ke6 41. Kd3 Nf6 42. Kd4 Nh5 43. Kd3 Kd5 44. Bc1 Nf6 45. Bd2 Ne8 46. Bc1 Nc7 47.
Bd2 Ne6 48. Bc1 a5 49. bxa5 Nxc5+ 50. Kc3 Na6 51. Be3 c5 52. Bf2 b4+ 53. Kd3
Kc6 54. Kc4 Kd6 55. Bg1 Kc6 56. Bf2 h6 57. Be3 Nc7 58. Bxc5 Nb5 59. Be3 Na7 60.
Bxa7 Kb7 61. Bc5 Kc6 62. a6 g5 63. a7 Kb7 64. Kxb4 gxh4 65. Kb5 h3 {Time
forfeit} 0-1

[Event "Rated Blitz game"]
[Site "?"]
[Date "2021.03.08"]
[Round "?"]
[White "sever81"]
[Black "jsequera"]
[Result "0-1"]
[WhiteElo "2390"]
[BlackElo "2431"]
[PlyCount "50"]
[EventDate "2021.??.??"]
[EventType "blitz"]

1. e4 e5 2. Nf3 d5 3. Nxe5 Bd6 4. d4 dxe4 5. Bc4 Bxe5 6. Qh5 Qe7 7. dxe5 Be6 8.
Bxe6 Qxe6 9. Bf4 Ne7 10. O-O Ng6 11. Bg3 Nc6 12. Re1 O-O-O 13. Nc3 Ngxe5 14.
Nxe4 Rd5 15. Qh4 Ng6 16. Qh3 Qxh3 17. gxh3 f5 18. Nc3 Rd2 19. f3 Rxc2 20. Rac1
Rxb2 21. Nd5 Rd8 22. Red1 f4 23. Nxf4 Nxf4 24. Bxf4 Rxd1+ 25. Rxd1 Rxa2 {Normal
} 0-1

[Event "Rated Blitz game"]
[Site "?"]
[Date "2021.03.08"]
[Round "?"]
[White "marakis"]
[Black "annaly1979"]
[Result "0-1"]
[WhiteElo "2406"]
[BlackElo "2362"]
[PlyCount "68"]
[EventDate "2021.??.??"]
[EventType "blitz"]

1. e4 e5 2. Nf3 d5 3. exd5 e4 4. Ne5 Bd6 5. d4 Nf6 6. c4 b6 7. Nc3 h6 8. Be2
O-O 9. O-O Bf5 10. Be3 Qe7 11. Nc6 Nxc6 12. dxc6 a6 13. a3 a5 14. Nb5 Rad8 15.
Nxd6 Qxd6 16. d5 Qe5 17. Bd4 Qf4 18. Bxf6 gxf6 19. Qc1 Qh4 20. Qe3 Kh7 21. g3
Qh3 22. Rfe1 Rg8 23. Bf1 Qh5 24. Bg2 Rde8 25. Rad1 Bg4 26. Rd4 f5 27. Qf4 f6
28. Qxc7+ Rg7 29. Qf4 Re5 30. d6 Bf3 31. d7 Rg4 32. Bxf3 exf3 33. Qd2 Rxd4 34.
Qc1 Qh3 {Normal} 0-1

[Event "Rated Blitz game"]
[Site "?"]
[Date "2021.03.08"]
[Round "?"]
[White "comondu58"]
[Black "GrandeGila"]
[Result "0-1"]
[WhiteElo "2329"]
[BlackElo "2412"]
[PlyCount "58"]
[EventDate "2021.??.??"]
[EventType "blitz"]

1. e4 e5 2. Nf3 d5 3. Nxe5 Bd6 4. d4 dxe4 5. Bc4 Bxe5 6. dxe5 Qxd1+ 7. Kxd1 Nc6
8. Nc3 Nxe5 9. Bb3 Bg4+ 10. Ke1 O-O-O 11. Bf4 Ng6 12. Be3 Nf6 13. Bxf7 Ne5 14.
Bb3 Rhe8 15. h3 Be6 16. Ke2 a6 17. Bxe6+ Rxe6 18. b3 Rc6 19. Bd2 b5 20. a3 h6
21. Rac1 g5 22. a4 b4 23. Nb1 a5 24. c3 Nd3 25. cxb4 Nxc1+ 26. Bxc1 axb4 27.
Nd2 Rc2 28. Ke3 Rd3+ 29. Ke2 Nd5 {Normal} 0-1

[Event "Rated Blitz tournament Rzltitmm"]
[Site "?"]
[Date "2021.03.08"]
[Round "?"]
[White "gambitd1"]
[Black "Killerrhino"]
[Result "1-0"]
[WhiteElo "2419"]
[BlackElo "2339"]
[PlyCount "133"]
[EventDate "2021.??.??"]
[EventType "blitz"]

1. e4 e5 2. Nf3 d5 3. Nxe5 Bd6 4. d4 dxe4 5. Nc4 Nf6 6. Nxd6+ Qxd6 7. Nc3 Nc6
8. Be3 Bf5 9. h3 O-O-O 10. Nb5 Qd7 11. c3 a6 12. Na3 h5 13. Qa4 Nd5 14. O-O-O
Nb6 15. Qc2 f6 16. Nc4 Nd5 17. Be2 g5 18. Bd2 Rde8 19. Ne3 Nf4 20. Bf1 Bg6 21.
g3 Nd3+ 22. Bxd3 exd3 23. Qa4 f5 24. Rde1 Rhf8 25. f4 gxf4 26. gxf4 Re4 27. Nc4
Rfe8 28. Qb3 Bf7 29. Qa4 Bxc4 30. Qxc4 Qe7 31. Qxd3 Rxe1+ 32. Rxe1 Qxe1+ 33.
Bxe1 Rxe1+ 34. Kc2 Re4 35. Qg3 Ne7 36. Kd3 Kd7 37. c4 c6 38. b4 b5 39. Kc3 bxc4
40. Kxc4 Nd5 41. Qg7+ Re7 42. Qg6 Ne3+ 43. Kc5 Nd5 44. Qxf5+ Kc7 45. Qxh5 Nxf4
46. Qf5 Ne6+ 47. Kc4 Kd7 48. d5 cxd5+ 49. Kxd5 Kc7 50. Qxe6 Rxe6 51. Kxe6 Kc6
52. h4 Kb5 53. h5 Kxb4 54. h6 Ka3 55. h7 Kxa2 56. h8=Q Kb3 57. Qa1 a5 58. Qxa5
Kc4 59. Qd5+ Kc3 60. Ke5 Kb4 61. Qc6 Kb3 62. Qc5 Kb2 63. Qc4 Kb1 64. Qe2 Kc1
65. Kd4 Kb1 66. Kc3 Ka1 67. Qb2# {Normal} 1-0

[Event "Rated Blitz tournament NGmGpV5n"]
[Site "?"]
[Date "2021.03.08"]
[Round "?"]
[White "Klimenko_Sergey_IM"]
[Black "Melitopol_Chery"]
[Result "1-0"]
[WhiteElo "2479"]
[BlackElo "2335"]
[PlyCount "49"]
[EventDate "2021.??.??"]
[EventType "blitz"]

1. e4 e5 2. Nf3 d5 3. Qe2 Nf6 4. exd5 e4 5. Nc3 Be7 6. Nxe4 O-O 7. d3 Qxd5 8.
Nc3 Bb4 9. Bd2 Bxc3 10. bxc3 Re8 11. Be3 Bg4 12. h3 Qa5 13. Qd2 Bxf3 14. gxf3
Nc6 15. Bg2 Ne5 16. f4 Nc4 17. dxc4 Rad8 18. Qc1 Qxc3+ 19. Kf1 Rxe3 20. fxe3
Rd2 21. Qe1 Qxc4+ 22. Kg1 Qxc2 23. Bf3 Nd5 24. Bxd5 Qg6+ 25. Kf1 {Time forfeit}
1-0

[Event "Rated Blitz game"]
[Site "?"]
[Date "2021.03.08"]
[Round "?"]
[White "strvhztklnlqzrthkrtn"]
[Black "Erow"]
[Result "0-1"]
[WhiteElo "2625"]
[BlackElo "2662"]
[PlyCount "56"]
[EventDate "2021.??.??"]
[EventType "blitz"]

1. e4 e5 2. Nf3 d5 3. d4 dxe4 4. Nxe5 Bd6 5. Nc4 Be7 6. Be2 Nf6 7. O-O O-O 8.
Bf4 c6 9. Ne5 Nbd7 10. Nxd7 Bxd7 11. c3 Re8 12. Qb3 Qc8 13. Nd2 Nd5 14. Be5 f6
15. Bg3 f5 16. Be5 Be6 17. c4 Nf6 18. f3 Bf7 19. fxe4 fxe4 20. Rae1 Qd7 21. Qg3
Bg6 22. Kh1 Rf8 23. h4 Bd8 24. Rf4 Ba5 25. Rd1 Nh5 26. Bxh5 Bxh5 27. Nxe4 Rxf4
28. Bxf4 Qe7 {Normal} 0-1

[Event "Rated Blitz game"]
[Site "?"]
[Date "2021.03.08"]
[Round "?"]
[White "NizamovE"]
[Black "Jomajo"]
[Result "1-0"]
[WhiteElo "2398"]
[BlackElo "2588"]
[PlyCount "49"]
[EventDate "2021.??.??"]
[EventType "blitz"]

1. e4 e5 2. Nf3 d5 3. Nxe5 Bd6 4. d4 dxe4 5. Nc4 Nf6 6. Nc3 O-O 7. Ne3 Nc6 8.
Bc4 Re8 9. O-O Nxd4 10. Ncd5 Nc6 11. c3 Ne5 12. Bb3 Nfg4 13. h3 Nxe3 14. Bxe3
Be6 15. Qh5 c6 16. Nf4 Bxb3 17. axb3 Qf6 18. Rfd1 a6 19. Qe2 Nf3+ 20. gxf3 Bxf4
21. fxe4 Rxe4 22. Ra4 Rae8 23. Rxe4 Rxe4 24. Qf3 Bh2+ 25. Kxh2 {Normal} 1-0

[Event "Rated Blitz game"]
[Site "?"]
[Date "2021.03.08"]
[Round "?"]
[White "OTKcombo"]
[Black "annaly1979"]
[Result "1-0"]
[WhiteElo "2410"]
[BlackElo "2354"]
[PlyCount "93"]
[EventDate "2021.??.??"]
[EventType "blitz"]

1. e4 e5 2. Nf3 d5 3. d3 dxe4 4. dxe4 Qxd1+ 5. Kxd1 Bg4 6. c3 Nc6 7. Be3 O-O-O+
8. Kc2 f5 9. Bb5 Bxf3 10. gxf3 f4 11. Bc1 Bc5 12. Rf1 Nf6 13. Nd2 Ne7 14. a4 a6
15. Bc4 g5 16. b4 Bd6 17. Be6+ Kb8 18. Nc4 Ng6 19. Rd1 Nh4 20. Rd3 Be7 21. Nxe5
Rxd3 22. Kxd3 Bd6 23. Nc4 Nxf3 24. Nxd6 cxd6 25. c4 Re8 26. Bd5 Nd7 27. Bb2
Nde5+ 28. Kc3 h6 29. Rd1 Nxh2 30. c5 dxc5 31. bxc5 Nhg4 32. Kb4 Nxf2 33. Rb1
Nfd3+ 34. Ka5 Nxb2 35. Rxb2 Re7 36. c6 Ka7 37. cxb7 Kb8 38. Kxa6 f3 39. Rc2 Re8
40. Kb6 Nd7+ 41. Kb5 Nf6 42. Kc6 g4 43. Rc5 Nxd5 44. exd5 f2 45. Ra5 Rc8+ 46.
bxc8=Q+ Kxc8 47. Ra8# {Normal} 1-0

[Event "Rated Blitz game"]
[Site "?"]
[Date "2021.03.08"]
[Round "?"]
[White "show-time"]
[Black "KamranShirazi"]
[Result "0-1"]
[WhiteElo "2449"]
[BlackElo "2505"]
[PlyCount "118"]
[EventDate "2021.??.??"]
[EventType "blitz"]

1. e4 e5 2. Nf3 d5 3. d3 dxe4 4. dxe4 Qxd1+ 5. Kxd1 Nc6 6. c3 b6 7. Bb5 Bb7 8.
Kc2 f6 9. Be3 O-O-O 10. Nbd2 a6 11. Ba4 h5 12. h3 Nh6 13. Rhd1 Nf7 14. Bb3 Nd6
15. Bd5 Be7 16. b4 g5 17. a4 Kb8 18. Kb3 a5 19. b5 Na7 20. c4 g4 21. Nh4 f5 22.
Bxb7 Bxh4 23. Bd5 f4 24. c5 fxe3 25. cxd6 exd2 26. dxc7+ Kxc7 27. Rxd2 gxh3 28.
gxh3 Rhf8 29. Rg1 Rf3+ 30. Kc2 Rxf2 31. Rg7+ Kb8 32. Rb7+ Kc8 33. Rxa7 Rxd2+
34. Kxd2 Rd6 35. Rh7 Bg5+ 36. Ke2 h4 37. Kf3 Bd8 38. Kg4 Rf6 39. Rh8 Rf4+ 40.
Kh5 Kc7 41. Rh7+ Kd6 42. Rh6+ Kc5 43. Rc6+ Kb4 44. Rc4+ Ka3 45. Kg6 Rf3 46. Be6
Rf6+ 47. Kg7 Rxe6 48. Kh7 Rd6 49. Kg7 Rd4 50. Rc8 Kxa4 51. Kf7 Kxb5 52. Ke6 Bg5
53. Kxe5 Rc4 54. Rg8 Rc5+ 55. Kd6 a4 56. e5 Bf4 57. Rg4 Bxe5+ 58. Kd7 a3 59.
Rg2 Rc7+ {Time forfeit} 0-1

[Event "Rated Blitz game"]
[Site "?"]
[Date "2021.03.08"]
[Round "?"]
[White "Elgranconejo"]
[Black "Gifroy"]
[Result "1-0"]
[WhiteElo "2455"]
[BlackElo "2449"]
[PlyCount "71"]
[EventDate "2021.??.??"]
[EventType "blitz"]

1. e4 e5 2. Nf3 d5 3. exd5 e4 4. Nd4 Qxd5 5. Nb3 Qe5 6. Be2 Bf5 7. Nc3 Nc6 8.
O-O Bd6 9. g3 O-O-O 10. Nb5 Nf6 11. Nxd6+ Qxd6 12. f3 h5 13. fxe4 Bxe4 14. d3
Bg6 15. Bf4 Qe7 16. Bf3 Nd5 17. Qd2 h4 18. Rae1 Qf8 19. Bg5 hxg3 20. Bxd8 gxh2+
21. Kh1 Qxd8 22. Qg2 Nde7 23. Nc5 Qd6 24. Nxb7 Kxb7 25. Rxe7 Qxe7 26. Bxc6+ Kb8
27. Ba8 c5 28. Bd5 Qc7 29. c4 a5 30. a3 Ka7 31. b4 a4 32. bxc5 Qc6 33. Bxc6 Rc8
34. Qd5 Rc7 35. Qd6 Kb8 36. Rb1+ {Normal} 1-0

[Event "Rated Blitz game"]
[Site "?"]
[Date "2021.03.08"]
[Round "?"]
[White "delapoutre"]
[Black "Jomajo"]
[Result "0-1"]
[WhiteElo "2525"]
[BlackElo "2573"]
[PlyCount "86"]
[EventDate "2021.??.??"]
[EventType "blitz"]

1. e4 e5 2. Nf3 d5 3. Nxe5 Bd6 4. d4 dxe4 5. Bc4 Bxe5 6. dxe5 Qxd1+ 7. Kxd1 Nc6
8. Bf4 Bg4+ 9. Kc1 Nge7 10. Re1 Ng6 11. Bg3 h5 12. h4 Bf5 13. Nc3 O-O-O 14. e6
fxe6 15. Nxe4 Rd4 16. Bd3 Nb4 17. Re3 Rhd8 18. b3 Nxd3+ 19. cxd3 Rxd3 20. Rxd3
Rxd3 21. Ng5 b5 22. Kb2 Rd2+ 23. Kc3 Rc2+ 24. Kb4 c6 25. a4 bxa4 26. Rxa4 Kb7
27. Ka5 Rc5+ 28. Kb4 Rb5+ 29. Kc3 Ne7 30. Rc4 Nd5+ 31. Kb2 a5 32. Ka3 Bd3 33.
Rd4 Bc2 34. Nxe6 Bxb3 35. Nxg7 a4 36. Nxh5 Nb6 37. Nf6 c5 38. Rf4 Nc4+ 39. Rxc4
Bxc4 40. Kxa4 Kc6 41. Ka3 Rb3+ 42. Ka4 Rc3 43. h5 Bb5+ {Time forfeit} 0-1

[Event "Rated Rapid game"]
[Site "?"]
[Date "2021.03.08"]
[Round "?"]
[White "NLIGHTNING"]
[Black "todos1corren2"]
[Result "1-0"]
[WhiteElo "2432"]
[BlackElo "2299"]
[PlyCount "101"]
[EventDate "2021.??.??"]
[EventType "rapid"]

1. e4 e5 2. Nf3 d5 3. exd5 e4 4. Nd4 Qxd5 5. Nb3 a6 6. Nc3 Qe5 7. Be2 Bd6 8. d4
exd3 9. Qxd3 Bf5 10. Qf3 Nc6 11. Nd2 Bxc2 12. Nc4 Qf5 13. Qe3+ Nge7 14. h3 O-O
15. O-O Rfe8 16. Bg4 Qg6 17. Nxd6 Qxd6 18. Ne4 Qe5 19. Ng3 Qxe3 20. Bxe3 Nd5
21. Bd2 g6 22. Bd7 Re7 23. Bxc6 bxc6 24. Rfc1 Ba4 25. b3 Bb5 26. a4 Bd3 27.
Rxc6 Rd8 28. Rd1 Red7 29. Bg5 f6 30. Bxf6 Nxf6 31. Rxf6 Rd6 32. Rf3 h5 33. Rc1
h4 34. Nf1 Bf5 35. Ne3 R8d7 36. Nxf5 gxf5 37. Rxf5 Rd1+ 38. Rxd1 Rxd1+ 39. Kh2
Rb1 40. Rf3 Kg7 41. g3 hxg3+ 42. Kxg3 Kg6 43. Rc3 a5 44. Kf4 Rh1 45. Rc6+ Kh5
46. Rxc7 Rd1 47. Rc5+ Kh4 48. Rxa5 Rd3 49. Rb5 Rxh3 50. a5 Rf3+ 51. Kxf3 {
Normal} 1-0

[Event "Rated Blitz game"]
[Site "?"]
[Date "2021.03.08"]
[Round "?"]
[White "tokating"]
[Black "Gifroy"]
[Result "0-1"]
[WhiteElo "2426"]
[BlackElo "2379"]
[PlyCount "70"]
[EventDate "2021.??.??"]
[EventType "blitz"]

1. e4 e5 2. Nf3 d5 3. exd5 e4 4. Qe2 Nf6 5. Nc3 Be7 6. Nxe4 O-O 7. d3 c6 8. d6
Bxd6 9. Bg5 Be7 10. O-O-O Be6 11. Kb1 Nbd7 12. h4 Qa5 13. a3 Bxa3 14. bxa3 Qxa3
15. c4 b5 16. Qb2 Qa4 17. Nc3 Qa5 18. Bxf6 Nxf6 19. c5 b4 20. Ne4 Nd5 21. Nd4
Nc3+ 22. Kc1 Bd5 23. Nf5 Rfd8 24. Rh3 Bxe4 25. Nd6 Bd5 26. d4 Nxd1 27. Kxd1 Qa3
28. Rxa3 bxa3 29. Qxa3 Rab8 30. Qg3 Rb1+ 31. Kc2 Rbb8 32. Nf5 g6 33. Qe5 gxf5
34. Qg3+ Kf8 35. Qg5 Bb3+ {Time forfeit} 0-1

[Event "Rated Blitz game"]
[Site "?"]
[Date "2021.03.08"]
[Round "?"]
[White "Elgranconejo"]
[Black "Gifroy"]
[Result "0-1"]
[WhiteElo "2482"]
[BlackElo "2387"]
[PlyCount "92"]
[EventDate "2021.??.??"]
[EventType "blitz"]

1. e4 e5 2. Nf3 d5 3. exd5 e4 4. Nd4 Qxd5 5. Nb3 Qe5 6. Nc3 Bf5 7. Be2 Nc6 8.
O-O Bd6 9. g3 a6 10. f3 Nf6 11. Nxe4 Nxe4 12. fxe4 Bh3 13. d4 Qe7 14. e5 Bxf1
15. Qxf1 Bb4 16. c3 Ba5 17. Nc5 Bb6 18. b4 O-O 19. Kg2 Bxc5 20. bxc5 Rad8 21.
Rb1 Na5 22. Qf5 Qe6 23. Qxe6 fxe6 24. Bg4 Rfe8 25. Bg5 Rd7 26. Be2 h6 27. Bd2
b6 28. cxb6 cxb6 29. Rxb6 Ra8 30. Bxa6 Rda7 31. Bb5 Nb7 32. a4 Nd8 33. Kf3 Rb7
34. Rxb7 Nxb7 35. c4 Nd8 36. Bb4 Rc8 37. Ke4 Kf7 38. d5 Rb8 39. d6 Rc8 40. c5
Nc6 41. Bxc6 Rxc6 42. Kd4 Rc8 43. a5 Ke8 44. Kc4 Kd7 45. a6 Kc6 46. Ba5 Ra8 {
Time forfeit} 0-1

[Event "Rated Blitz game"]
[Site "?"]
[Date "2021.03.08"]
[Round "?"]
[White "Viktor_Ten"]
[Black "Maltinho"]
[Result "0-1"]
[WhiteElo "2457"]
[BlackElo "2477"]
[PlyCount "50"]
[EventDate "2021.??.??"]
[EventType "blitz"]

1. e4 e5 2. Nf3 d5 3. Nxe5 Bd6 4. d4 dxe4 5. Bf4 Nf6 6. Nc3 O-O 7. Bc4 Nc6 8.
Nxc6 bxc6 9. Bg3 Re8 10. O-O h5 11. Re1 Bf5 12. Qd2 h4 13. Bxh4 Bxh2+ 14. Kh1
Bd6 15. Qg5 Bh7 16. Re3 Qd7 17. Rae1 Ng4 18. Nxe4 Be7 19. Qh5 g6 20. Bxf7+ Kg7
21. Bxe8 Rxe8 22. Nf6 Bxf6 23. Bxf6+ Nxf6 24. Rxe8 Nxe8 25. Qe5+ Kf7 {Time
forfeit} 0-1

[Event "Rated Blitz game"]
[Site "?"]
[Date "2021.03.08"]
[Round "?"]
[White "JarJarBeers"]
[Black "KamranShirazi"]
[Result "0-1"]
[WhiteElo "2451"]
[BlackElo "2481"]
[PlyCount "90"]
[EventDate "2021.??.??"]
[EventType "blitz"]

1. e4 e5 2. Nf3 d5 3. exd5 e4 4. Qe2 f5 5. d3 Nf6 6. Nfd2 Qxd5 7. Nc3 Qe5 8.
dxe4 Bb4 9. exf5 Bxc3 10. bxc3 Qxe2+ 11. Bxe2 Bxf5 12. Bd3 Be6 13. O-O Nc6 14.
Re1 Kf7 15. Nf3 h6 16. Nd4 Nxd4 17. cxd4 Rad8 18. Bb2 b5 19. a3 a6 20. Bg6+
Kxg6 21. Rxe6 Rd6 22. Rae1 Rhd8 23. f3 a5 24. Kf2 a4 25. Rxd6 cxd6 26. Ke2 Rc8
27. Kd2 Nd5 28. g3 Kf6 29. Kd3 Nb6 30. Bc1 Nc4 31. d5 Ne5+ 32. Ke2 Rxc2+ 33.
Kd1 Rxc1+ 34. Kxc1 Nd3+ 35. Kd2 Nxe1 36. Kxe1 Ke5 37. Kd2 Kxd5 38. Kc3 Kc5 39.
f4 d5 40. g4 d4+ 41. Kd3 b4 42. axb4+ Kxb4 43. Kc2 a3 44. f5 d3+ 45. Kb1 d2 {
Normal} 0-1

[Event "Rated Blitz game"]
[Site "?"]
[Date "2021.03.08"]
[Round "?"]
[White "Principatibus"]
[Black "Fantastic_power06"]
[Result "0-1"]
[WhiteElo "2624"]
[BlackElo "2649"]
[PlyCount "66"]
[EventDate "2021.??.??"]
[EventType "blitz"]

1. e4 e5 2. Nf3 d5 3. Nxe5 Bd6 4. d4 dxe4 5. Nc4 Nc6 6. Nxd6+ Qxd6 7. c3 Nf6 8.
Be2 Bf5 9. Be3 O-O-O 10. Nd2 Nd5 11. O-O h5 12. Bc4 Qg6 13. Kh1 Bg4 14. Qc2 f5
15. Bxd5 Rxd5 16. f4 h4 17. b4 h3 18. g3 Be2 19. Rf2 Bd3 20. Qb3 Rd7 21. a4 Qf7
22. Qxf7 Rxf7 23. Nb3 b6 24. a5 Bc4 25. Nd2 Bd3 26. Nb3 Kd7 27. axb6 axb6 28.
d5 Ne7 29. d6 Kxd6 30. Nd4 Nd5 31. Re1 Ra8 32. g4 Nxe3 33. Rxe3 Ra1+ {Normal}
0-1

[Event "Rated Blitz game"]
[Site "?"]
[Date "2021.03.08"]
[Round "?"]
[White "tabacochanel"]
[Black "Jomajo"]
[Result "1-0"]
[WhiteElo "2414"]
[BlackElo "2581"]
[PlyCount "37"]
[EventDate "2021.??.??"]
[EventType "blitz"]

1. e4 e5 2. Nf3 d5 3. Nxe5 Bd6 4. d4 dxe4 5. Nc4 Nf6 6. Be2 h6 7. O-O Nc6 8. c3
O-O 9. f3 Re8 10. Nbd2 e3 11. Ne4 Nxe4 12. fxe4 Rxe4 13. Bxe3 Be6 14. Nxd6 Qxd6
15. Qd2 Rh4 16. g3 Rh3 17. Bf3 Bd5 18. Qg2 Be6 19. d5 {Normal} 1-0

[Event "Rated Blitz game"]
[Site "?"]
[Date "2021.03.08"]
[Round "?"]
[White "spielen_lernen"]
[Black "KamranShirazi"]
[Result "0-1"]
[WhiteElo "2317"]
[BlackElo "2492"]
[PlyCount "70"]
[EventDate "2021.??.??"]
[EventType "blitz"]

1. e4 e5 2. Nf3 d5 3. exd5 e4 4. Qe2 f5 5. d3 Nf6 6. Nbd2 Bb4 7. c3 O-O 8. dxe4
fxe4 9. Ng5 Nxd5 10. Ndxe4 Be7 11. Bd2 h6 12. Nf3 Bf5 13. Ng3 Bg4 14. O-O-O Bd6
15. Ne4 Nf4 16. Qc4+ Be6 17. Qa4 Ng6 18. Nxd6 cxd6 19. Be3 Nc6 20. Bc4 d5 21.
Bb3 Kh8 22. Rhe1 Bg8 23. Nd4 Nce5 24. h3 a6 25. f4 b5 26. Qa3 Nc4 27. Bxc4 bxc4
28. f5 Ne5 29. Ne6 Bxe6 30. fxe6 Qf6 31. Bd4 Qg5+ 32. Kb1 Nd3 33. Rf1 Rg8 34.
Qd6 Qxg2 35. e7 Qxb2# {Normal} 0-1